| 000 | 00971nam a22002897a 4500 | ||
|---|---|---|---|
| 003 | PE SENCICO BE | ||
| 005 | 20251020182709.0 | ||
| 008 | 241205b |||||||| |||| 00| 0 eng d | ||
| 020 | _a978-84-9801-487-7 | ||
| 040 |
_aPE SENCICO BE _cPE SENCICO BE |
||
| 041 | _aspa | ||
| 082 |
_a729 _bH86 |
||
| 100 | 1 |
_9980 _aHudson, Jennifer _eautor |
|
| 245 | 1 |
_aArquitectura de interiores : _bdel boceto a la construcción / _cJennifer Hudson |
|
| 250 | _a1a ed. | ||
| 260 |
_aLondres : _bBlume ; _c2010 |
||
| 300 |
_a240 p. : _bil. col., lams. ; _c28 cm. |
||
| 505 | 0 | _aLocales comerciales -- Hoteles, clubes y restaurantes -- Empresas -- Edificios públicos -- Vivienda | |
| 650 | 1 | 0 |
_98 _aArquitectura de interiores |
| 650 | 2 | 0 |
_9199 _aDistribución de espacios (viviendas) |
| 650 | 2 | 0 |
_9880 _aCentros comerciales |
| 650 | 2 | 0 |
_91806 _aHoteles |
| 650 | 2 | 0 |
_966 _aRestaurantes |
| 650 | 2 | 0 |
_92748 _aEdificios públicos |
| 910 |
_ahfp _bhfp _chfp |
||
| 942 |
_2ddc _cLIB |
||
| 999 |
_c5019 _d5019 |
||